| 000 | 00469 a2200145 4500 | ||
|---|---|---|---|
| 005 | 20250515152940.0 | ||
| 020 | _a0273688146 | ||
| 082 | _a658.403 GRE | ||
| 245 | _aBusiness Information Systems: Technology, Development and Management for the E-Business. | ||
| 250 | _a3rd Ed. | ||
| 260 |
_aNew York, _bPrentice Hall, _c2006. |
||
| 300 |
_axxviii, 827p.: ill.; figure, table _bGlossary & Index _c26cm |
||
| 700 | _aGREASLEY, A. & BOCIJ,P [ ...et al...] | ||
| 942 |
_2ddc _cBKS |
||
| 999 |
_c2331 _d2331 |
||